Turbo C

Sách giới thiệu những khái niệm cơ bản về ngôn ngữ C và ngôn ngữ C trên máy vi tính IBM - PC như kỹ thuật điều khiển màn hình và bàn phím, cấu trúc của bộ vi xử lý 8086, cách điều khiển máy in, ghép nối các thiết bị ngoại vi, hiệu ứng a...

詳細記述

保存先:
書誌詳細
第一著者: Gerald Leblanc
フォーマット: 図書
言語:Undetermined
出版事項: Hà Nội KHKT 1996
主題:
タグ: タグ追加
タグなし, このレコードへの初めてのタグを付けませんか!
Thư viện lưu trữ: Trung tâm Học liệu Trường Đại học Cần Thơ
LEADER 00974nam a2200181Ia 4500
001 CTU_24801
008 210402s9999 xx 000 0 und d
082 |a 005.265 
082 |b L445 
100 |a Gerald Leblanc 
245 0 |a Turbo C 
245 0 |c Gerald Leblanc, Lê Văn Doanh 
260 |a Hà Nội 
260 |b KHKT 
260 |c 1996 
520 |a Sách giới thiệu những khái niệm cơ bản về ngôn ngữ C và ngôn ngữ C trên máy vi tính IBM - PC như kỹ thuật điều khiển màn hình và bàn phím, cấu trúc của bộ vi xử lý 8086, cách điều khiển máy in, ghép nối các thiết bị ngoại vi, hiệu ứng âm thanh, việc phân phối bộ nhớ, ghép nối chương trình C và hợp ngữ cúng như Turbo Debugger... 
650 |a c ( computer program language ) 
980 |a Trung tâm Học liệu Trường Đại học Cần Thơ